[Event "LSS SA-2010-0-00131"]
[Site "LSS email"]
[Date "2010.05.17"]
[Round "?"]
[White "Meulemans, Bart"]
[Black "Vorobiev, Alexandr Vladimirov"]
[Result "1-0"]
[WhiteElo "2150"]
[BlackElo "2011"]
[PlyCount "87"]
[EventDate "2010.04.10"]
[EventType "tourn (corr)"]
[EventRounds "6"]
[EventCountry "GER"]
[SourceTitle "Telechess CBM 141"]
[Source "ChessBase"]
[SourceDate "2011.03.17"]
[SourceVersion "1"]
[SourceVersionDate "2011.03.17"]
[SourceQuality "1"]

1. e4 c5 2. Nf3 d6 3. d4 cxd4 4. Nxd4 Nf6 5. f3 e5 6. Bb5+ Nbd7 7. Nf5 a6 8. Bxd7+ Qxd7 9. Bg5 d5 10. Bxf6 gxf6 11. Nc3 d4 12. Nd5 Qd8 13. c4 b5 14. 0-0 Bxf5 15. exf5 Rc8 16. Rc1 Rc6 17. b3 Ba3 18. Rc2 0-0 19. Qd3 Kh8 20. Re2 Rg8 21. f4 Bd6 22. Kh1 Bb8 23. Ree1 Qd6 24. fxe5 fxe5 25. f6 bxc4 26. Qe4 c3 27. Ne7 Rc5 28. b4 Rc4 29. Nxg8 Kxg8 30. Re3 dxe3 31. Qxc4 Qe6 32. Qxc3 e2 33. Qg3+ Kf8 34. Qg7+ Ke8 35. Re1 Bd6 36. Rxe2 Bxb4 37. Qg8+ Bf8 38. Rc2 Qd7 39. Rc1 Qf5 40. h3 h6 41. Rc7 Kd8 42. Rxf7 Qf1+ 43. Kh2 Qf4+ 44. Qg3 1-0

[Event "LSS OP-2009-0-00957"]
[Site "LSS email"]
[Date "2009.10.10"]
[Round "?"]
[White "Vorobiev, Alexandr Vladimirov"]
[Black "Kopasov, Evgeny Aleksandrovi"]
[Result "0-1"]
[WhiteElo "2036"]
[BlackElo "2267"]
[PlyCount "28"]
[EventDate "2009.09.29"]
[EventType "tourn (corr)"]
[EventRounds "4"]
[EventCountry "GER"]
[SourceTitle "Corr 2013"]
[Source "ChessBase"]
[SourceDate "2012.11.12"]
[SourceVersion "1"]
[SourceVersionDate "2012.11.12"]
[SourceQuality "1"]

1. e4 c5 2. Nf3 Nc6 3. Bb5 d6 4. d4 cxd4 5. Nxd4 Bd7 6. 0-0 Nf6 7. Nc3 g6 8. Be3 Bg7 9. f3 0-0 10. Qd2 Ne5 11. Be2 Rc8 12. Rfd1 a6 13. a4 Nc4 14. a5 Nxd2 0-1

[Event "LSS SA-2009-0-00076"]
[Site "LSS email"]
[Date "2009.08.08"]
[Round "?"]
[White "Vorobiev, Alexandr Vladimirov"]
[Black "Dard, Michel"]
[Result "1/2-1/2"]
[WhiteElo "2020"]
[BlackElo "2176"]
[PlyCount "47"]
[EventDate "2009.07.19"]
[EventType "tourn (corr)"]
[EventRounds "6"]
[EventCountry "GER"]
[SourceTitle "Corr 2011"]
[Source "ChessBase"]
[SourceDate "2010.08.31"]
[SourceVersion "1"]
[SourceVersionDate "2010.08.31"]
[SourceQuality "1"]

1. e4 c6 2. d4 d5 3. e5 Bf5 4. Nf3 e6 5. Be2 c5 6. Be3 cxd4 7. Nxd4 Ne7 8. Nd2 Nbc6 9. N2f3 Be4 10. 0-0 Ng6 11. Bb5 Qc7 12. Ng5 Ngxe5 13. Nxe4 dxe4 14. Qh5 g6 15. Qh4 Bg7 16. Qxe4 0-0 17. c3 Nxd4 18. Bxd4 Rfd8 19. Rad1 Rd5 20. Ba4 Rad8 21. Qf4 Qd6 22. Bb3 Nc4 23. Qxd6 R5xd6 24. Bxc4 1/2-1/2

[Event "LSS SA-2009-0-00076"]
[Site "LSS email"]
[Date "2009.08.08"]
[Round "?"]
[White "Vorobiev, Alexandr Vladimirov"]
[Black "De Waele, Willy"]
[Result "1-0"]
[WhiteElo "2020"]
[BlackElo "2025"]
[PlyCount "57"]
[EventDate "2009.07.19"]
[EventType "tourn (corr)"]
[EventRounds "6"]
[EventCountry "GER"]
[SourceTitle "Corr 2011"]
[Source "ChessBase"]
[SourceDate "2010.08.31"]
[SourceVersion "1"]
[SourceVersionDate "2010.08.31"]
[SourceQuality "1"]

1. d4 d5 2. c4 c6 3. Nf3 Nf6 4. Nc3 e6 5. Bg5 h6 6. Bh4 dxc4 7. e4 g5 8. Bg3 b5 9. Be2 Bb7 10. 0-0 Be7 11. Ne5 0-0 12. f4 Nbd7 13. fxg5 hxg5 14. Nxd7 Qxd7 15. Qd2 Ne8 16. Qe3 Ng7 17. Rad1 a5 18. Bf2 f5 19. Qh3 Rad8 20. Qh6 Qd6 21. Be3 f4 22. e5 Qc7 23. Rf3 g4 24. Rxf4 Rxf4 25. Bxf4 c5 26. Bxg4 Bf8 27. Bxe6+ Nxe6 28. Qxe6+ Qf7 29. Qg4+ 1-0

[Event "IECG QA.2006.0.00074"]
[Site "IECG email"]
[Date "2006.03.11"]
[Round "?"]
[White "Vorobiev, Alexandr Vladimirov"]
[Black "Shishkin, Victor A"]
[Result "0-1"]
[WhiteElo "2083"]
[BlackElo "2125"]
[PlyCount "154"]
[EventDate "2006.03.11"]
[EventType "tourn (corr)"]
[EventRounds "6"]
[SourceTitle "Corr 2008"]
[Source "ChessBase"]
[SourceDate "2008.06.24"]
[SourceVersion "1"]
[SourceVersionDate "2008.06.24"]
[SourceQuality "1"]

1. c4 e6 2. Nc3 d5 3. d4 c5 4. cxd5 exd5 5. e4 dxe4 6. d5 Nf6 7. Bg5 Be7 8. Bb5+ Bd7 9. d6 Bxb5 10. Nxb5 Qa5+ 11. Nc3 Bd8 12. Nge2 0-0 13. 0-0 Nbd7 14. Ng3 c4 15. Qd2 Qe5 16. Rad1 Re8 17. Bf4 Qc5 18. Rfe1 Qc6 19. Bg5 Nc5 20. Bxf6 Bxf6 21. Nd5 Bd8 22. Qd4 Qxd6 23. Qxg7+ Kxg7 24. Nf5+ Kf8 25. Nxd6 Re6 26. Nf4 Rf6 27. Nh5 Rh6 28. Rd5 Nd3 29. Rxe4 Re6 30. Rxe6 fxe6 31. Rd4 Bb6 32. Rxc4 Rd8 33. Nxb7 Rd7 34. Rc8+ Kf7 35. Rg8 Bxf2+ 36. Kf1 Bd4 37. Rd8 Ke7 38. Rxd7+ Kxd7 39. Na5 Bxb2 40. Ng3 Nc1 41. a4 Bc3 42. Nc4 Kc6 43. Ne4 Bd4 44. g4 Kd5 45. Ncd2 Nb3 46. Ke2 Nxd2 47. Nxd2 Be5 48. Nf3 Bf4 49. h4 a6 50. Ne1 Ke4 51. Nd3 Bd6 52. g5 Be7 53. h5 Kf5 54. g6 hxg6 55. hxg6 Kxg6 56. Ne5+ Kf5 57. Nc6 Ba3 58. Kd3 e5 59. Kc4 e4 60. Kc3 Bd6 61. Nd4+ Kf4 62. Kd2 Ke5 63. Kc3 Kd5 64. Nf5 Bc5 65. Ng3 Bf2 66. Ne2 Be1+ 67. Kb3 Ba5 68. Kc2 Kc4 69. Ng3 e3 70. Ne2 Bc7 71. Nc3 a5 72. Nd1 Bf4 73. Nc3 Bg3 74. Nd1 e2 75. Nb2+ Kb4 76. Nd3+ Kxa4 77. Kd2 e1Q+ 0-1

[Event "IECG CA.2006.0.00167 email"]
[Site "IECG email"]
[Date "2006.03.05"]
[Round "?"]
[White "Ivanov, Hristo V"]
[Black "Vorobiev, Alexandr Vladimirov"]
[Result "1-0"]
[WhiteElo "2086"]
[BlackElo "2083"]
[PlyCount "55"]
[EventDate "2006.03.05"]
[EventType "tourn (corr)"]
[EventRounds "6"]
[SourceTitle "Corr 2008"]
[Source "ChessBase"]
[SourceDate "2008.06.24"]
[SourceVersion "1"]
[SourceVersionDate "2008.06.24"]
[SourceQuality "1"]

1. e4 e5 2. Nf3 Nc6 3. Bb5 a6 4. Ba4 Nf6 5. 0-0 Be7 6. Re1 b5 7. Bb3 d6 8. c3 0-0 9. h3 Bb7 10. d4 Re8 11. Nbd2 Bf8 12. a4 h6 13. Bc2 exd4 14. cxd4 Nb4 15. Bb1 c5 16. d5 g6 17. Ra3 Bg7 18. Nh2 c4 19. Rg3 Nd7 20. Ndf3 Nc5 21. Ng4 Nbd3 22. Bxh6 Nxe1 23. Bxg7 Kxg7 24. Qxe1 f6 25. Qe3 Rh8 26. Nxf6 Qxf6 27. e5 dxe5 28. Rxg6+ 1-0

[Event "IECG QA.2005.0.00068"]
[Site "IECG email"]
[Date "2005.08.04"]
[Round "?"]
[White "Vorobiev, Alexandr Vladimirov"]
[Black "Turko, Sergey Ivanovich"]
[Result "0-1"]
[WhiteElo "2104"]
[BlackElo "2098"]
[PlyCount "64"]
[EventDate "2005.08.04"]
[EventType "tourn (corr)"]
[EventRounds "6"]
[SourceTitle "Corr 2008"]
[Source "ChessBase"]
[SourceDate "2008.06.24"]
[SourceVersion "1"]
[SourceVersionDate "2008.06.24"]
[SourceQuality "1"]

1. e4 e5 2. f4 exf4 3. Nf3 g5 4. h4 g4 5. Ne5 Nf6 6. Bc4 d5 7. exd5 Bg7 8. d4 Nxd5 9. 0-0 Nc6 10. Bxf4 Nxf4 11. Bxf7+ Kf8 12. Nxc6 bxc6 13. Rxf4 Qd6 14. Qf1 Bxd4+ 15. Kh1 Be5 16. Rf2 g3 17. Rf3 Bg4 18. Rxg3 Bxg3 19. Be6+ Qf4 20. Qxf4+ Bxf4 21. Bxg4 Bc1 22. Na3 Bxb2 23. Rf1+ Kg7 24. Nc4 Rab8 25. Rd1 Rhf8 26. Be6 Rf6 27. Rd7+ Kh8 28. Bh3 Bc3 29. Rxc7 Re8 30. Rxa7 Rf4 31. Nb6 Re1+ 32. Kh2 Be5 0-1

[Event "IECG CA.2005.0.00147"]
[Site "IECG email"]
[Date "2005.03.16"]
[Round "?"]
[White "Dard, Michel"]
[Black "Vorobiev, Alexandr Vladimirov"]
[Result "1/2-1/2"]
[WhiteElo "2169"]
[BlackElo "2096"]
[PlyCount "85"]
[EventDate "2005.03.16"]
[EventType "tourn (corr)"]
[EventRounds "6"]
[SourceTitle "Corr 2008"]
[Source "ChessBase"]
[SourceDate "2008.06.24"]
[SourceVersion "1"]
[SourceVersionDate "2008.06.24"]
[SourceQuality "1"]

1. d4 Nf6 2. Nf3 c5 3. d5 e6 4. c4 exd5 5. cxd5 d6 6. Nc3 g6 7. Nd2 Bg7 8. g3 0-0 9. Bg2 Nbd7 10. 0-0 a6 11. a4 Re8 12. h3 Rb8 13. Nc4 Nb6 14. Na3 Bd7 15. e4 Nxa4 16. Nxa4 b5 17. e5 Rxe5 18. Nc3 b4 19. Nc4 bxc3 20. Nxe5 cxb2 21. Bxb2 Rxb2 22. Nxd7 Nxd7 23. Rxa6 Qb8 24. Qa4 Nb6 25. Qc6 Bd4 26. Kh2 c4 27. Re1 Kf8 28. f4 c3 29. Re4 Bc5 30. Ra5 Rb1 31. Rxc5 dxc5 32. Qxc5+ Kg8 33. Rd4 Rb3 34. d6 Qe8 35. Re4 Qb5 36. Qe3 Nd7 37. Qd4 Nf8 38. Re7 Rb2 39. Qxc3 Ra2 40. Qf3 Rd2 41. Re5 Qb2 42. Qc6 Kg7 43. h4 1/2-1/2

[Event "IECG CA.2005.0.00147"]
[Site "IECG email"]
[Date "2005.03.16"]
[Round "?"]
[White "Whitmarsh, Jerry"]
[Black "Vorobiev, Alexandr Vladimirov"]
[Result "0-1"]
[WhiteElo "2025"]
[BlackElo "2096"]
[PlyCount "80"]
[EventDate "2005.03.16"]
[EventType "tourn (corr)"]
[EventRounds "6"]
[SourceTitle "Corr 2008"]
[Source "ChessBase"]
[SourceDate "2008.06.24"]
[SourceVersion "1"]
[SourceVersionDate "2008.06.24"]
[SourceQuality "1"]

1. b4 e5 2. Bb2 Bxb4 3. Bxe5 Nf6 4. Nc3 Nc6 5. Bxf6 Qxf6 6. Nd5 Qe5 7. Nxb4 Nxb4 8. Rb1 Qe4 9. d3 Qd4 10. Qd2 Nc6 11. Nf3 Qa4 12. c4 0-0 13. e3 b6 14. Be2 Bb7 15. 0-0 Qa3 16. d4 Qe7 17. Rfe1 Nd8 18. d5 Ba6 19. Qc2 Nb7 20. e4 Nc5 21. e5 Rae8 22. Rbd1 f5 23. Bd3 g6 24. h3 c6 25. Bf1 Qg7 26. h4 Re7 27. dxc6 dxc6 28. Rd6 Rfe8 29. Red1 Ne4 30. Rd8 Bc8 31. Qa4 Qf8 32. R8d4 Nc3 33. Qb3 Nxd1 34. Qxd1 c5 35. Rd6 Bb7 36. Rf6 Qh6 37. g3 Bxf3 38. Qxf3 Rxe5 39. Qb7 Qg7 40. Qc6 Re1 0-1

[Event "IECG QA.2004.0.00054"]
[Site "IECG email"]
[Date "2004.07.11"]
[Round "?"]
[White "Vorobiev, Alexandr Vladimirov"]
[Black "Zeihen, Pascal"]
[Result "1-0"]
[WhiteElo "2060"]
[BlackElo "2117"]
[PlyCount "77"]
[EventDate "2004.07.11"]
[EventType "tourn (corr)"]
[EventRounds "6"]
[SourceTitle "Corr 2008"]
[Source "ChessBase"]
[SourceDate "2008.06.24"]
[SourceVersion "1"]
[SourceVersionDate "2008.06.24"]
[SourceQuality "1"]

1. c4 e5 2. Nc3 Nc6 3. Nf3 Nf6 4. g3 Bc5 5. Bg2 0-0 6. Nxe5 Bxf2+ 7. Kxf2 Nxe5 8. d3 c6 9. Rf1 d6 10. Kg1 Qb6+ 11. d4 Nxc4 12. Rxf6 gxf6 13. b3 Na5 14. Ba3 Re8 15. Qd2 Qd8 16. Ne4 d5 17. Nd6 Re6 18. Nf5 Kh8 19. Rf1 Bd7 20. Rf4 Qg8 21. Bf3 Nxb3 22. axb3 Qg6 23. Nd6 Qb1+ 24. Kg2 Rf8 25. Rh4 Rxd6 26. Qh6 Rd8 27. Bxd6 Qg6 28. Qf4 Qf5 29. Be7 Qxf4 30. Rxf4 Re8 31. Bxf6+ Kg8 32. e4 Be6 33. Kf2 dxe4 34. Rxe4 Kf8 35. Re5 Bd7 36. Rh5 Re6 37. Be5 h6 38. Bf4 Kg7 39. Bg4 1-0

[Event "IECG CA.2004.0.00125 email"]
[Site "IECG email"]
[Date "2004.05.16"]
[Round "?"]
[White "Lambert, Grant R"]
[Black "Vorobiev, Alexandr Vladimirov"]
[Result "1-0"]
[WhiteElo "2165"]
[BlackElo "2060"]
[PlyCount "61"]
[EventDate "2004.05.16"]
[EventType "tourn (corr)"]
[EventRounds "6"]
[SourceTitle "Corr 2008"]
[Source "ChessBase"]
[SourceDate "2008.06.24"]
[SourceVersion "1"]
[SourceVersionDate "2008.06.24"]
[SourceQuality "1"]

1. Nf3 Nf6 2. c4 b6 3. d3 c5 4. Nc3 Bb7 5. e4 Nc6 6. Be2 e6 7. 0-0 Bd6 8. Ne1 0-0 9. f4 Bb8 10. Nc2 d6 11. d4 cxd4 12. Nxd4 Qe7 13. Be3 Rd8 14. Nxc6 Bxc6 15. Bf3 Bc7 16. Qe1 Qe8 17. Qg3 Rac8 18. Rae1 Nd7 19. Bd4 Qf8 20. f5 d5 21. e5 Qb4 22. fxe6 fxe6 23. Qg4 Qxc4 24. Qxe6+ Kh8 25. Qg4 Rf8 26. e6 Nf6 27. Bxf6 Qxg4 28. Bxg4 Rxf6 29. e7 Rg8 30. Be6 Rb8 31. Bxd5 1-0

[Event "IECG CA.2004.0.00125 email"]
[Site "IECG email"]
[Date "2004.05.16"]
[Round "?"]
[White "Vorobiev, Alexandr Vladimirov"]
[Black "Melzer, Wilfried"]
[Result "1-0"]
[WhiteElo "2060"]
[BlackElo "2000"]
[PlyCount "21"]
[EventDate "2004.05.16"]
[EventType "tourn (corr)"]
[EventRounds "6"]
[SourceTitle "Corr 2008"]
[Source "ChessBase"]
[SourceDate "2008.06.24"]
[SourceVersion "1"]
[SourceVersionDate "2008.06.24"]
[SourceQuality "1"]

1. e4 c5 2. Nf3 d6 3. b4 cxb4 4. d4 Nf6 5. Bd3 d5 6. Nbd2 dxe4 7. Nxe4 Nc6 8. 0-0 Bg4 9. h3 Nxe4 10. Bxe4 Bxf3 11. Qxf3 1-0

[Event "IECG WC.2008.P.00025 email"]
[Site "IECG email"]
[Date "2004.03.05"]
[Round "?"]
[White "Vorobiev, Alexandr Vladimirov"]
[Black "Heyn, Wolfgang"]
[Result "1/2-1/2"]
[WhiteElo "2032"]
[BlackElo "2171"]
[PlyCount "59"]
[EventDate "2004.03.05"]
[EventType "tourn (corr)"]
[EventRounds "6"]
[SourceTitle "Corr 2008"]
[Source "ChessBase"]
[SourceDate "2008.06.24"]
[SourceVersion "1"]
[SourceVersionDate "2008.06.24"]
[SourceQuality "1"]

1. c4 e5 2. Nc3 Nc6 3. Nf3 Nf6 4. g3 Bc5 5. Bg2 d6 6. 0-0 Be6 7. d3 h6 8. a3 0-0 9. b4 Bb6 10. Na4 Bg4 11. Bb2 Re8 12. h3 Bxf3 13. Bxf3 Bd4 14. b5 Bxb2 15. Nxb2 Na5 16. Qa4 e4 17. dxe4 c6 18. Qc2 Qd7 19. Rfd1 Qxh3 20. Rxd6 Ng4 21. Bxg4 Qxg4 22. Qc3 b6 23. bxc6 Qxe4 24. c5 Nxc6 25. cxb6 Ne5 26. Nd3 axb6 27. Nxe5 Rxe5 28. Qf3 Qxf3 29. exf3 b5 30. Rb6 1/2-1/2